[Event "106th British-ch 2019"]
[Site "Torquay"]
[Date "2019.07.28"]
[Round "2.9"]
[White "Smith, Andrew Philip"]
[Black "Ward, Chris G"]
[Result "1-0"]
[WhiteElo "2147"]
[BlackElo "2418"]
[Annotator "NA"]
[PlyCount "69"]
[EventDate "2019.07.27"]
[EventType "swiss"]
[EventCountry "GBR"]
[SourceTitle "playchess.com"]
[Source "ChessBase"]
[SourceQuality "1"]
[TimeControl "40/5400+30:1800+30"]

1. e4 {[%emt 0:00:07]} c5 {[%emt 0:00:00]} 2. Nf3 {[%emt 0:01:56]} d6 {[%emt 0:00:00]} 3. d4 {[%emt 0:00:38]} cxd4 {[%emt 0:00:00]} 4. Nxd4 {[%emt 0:00:03]} Nf6 {[%emt 0:00:02]} 5. Nc3 {[%emt 0:00:05]} g6 {[%emt 0:00:05]} 6. Be2 {[%emt 0:01:36]} Bg7 {[%emt 0:01:46]} 7. Be3 {[%emt 0:01:01]} Nc6 {[%emt 0:06:38]} 8. Nb3 {[%emt 0:01:22]} O-O {[%emt 0:01:09]} 9. O-O {[%emt 0:01:17]} Be6 {[%emt 0:00:53]} 10. f4 {[%emt 0:02:26]} Rc8 {[%emt 0:00:23]} 11. f5 {[%emt 0:04:12]} Bd7 {[%emt 0:04:28]} 12. Qd2 {[%emt 0:01:49]} Ne5 {[%emt 0:10:45]} 13. Rae1 {[%emt 0:23:44]} b5 {[%emt 0:22:09]} 14. a3 {[%emt 0:10:42]} a5 {[%emt 0:10:25]} 15. Bd3 {[%emt 0:03:21]} b4 {[%emt 0:02:39]} 16. axb4 {[%emt 0:00:18]} axb4 {[%emt 0:00:04]} 17. Nd1 {[%emt 0:05:18]} Nc4 {[%emt 0:04:49]} 18. Bxc4 {[%emt 0:00:48]} Rxc4 {[%emt 0:00:05]} 19. Bd4 {[%emt 0:00:46]} Qa8 {[%emt 0:07:47]} 20. Ne3 {[%emt 0:13:43]} Nxe4 {[%emt 0:03:28]} 21. Qd3 {[%emt 0:02:34]} Rxd4 {[%emt 0:05:49]} 22. Nxd4 {[%emt 0:01:10]} Nc5 {[%emt 0:01:32]} 23. Qd1 {[%emt 0:06:31]} Qe4 {[%emt 0:04:13]} 24. Nf3 {[%emt 0:03:48]} Bc6 {[%emt 0:00:46]} 25. h3 {[%emt 0:03:24]} gxf5 {[%emt 0:05:04]} 26. Ng5 {[%emt 0:04:04]} Qd4 {[%emt 0:01:41]} 27. Qh5 {[%emt 0:00:39]} h6 {[%emt 0:00:45]} 28. c3 {[%emt 0:00:11]} bxc3 {[%emt 0:01:15]} 29. bxc3 {[%emt 0:00:05]} Qxc3 {[%emt 0:01:29]} 30. Nxf5 {[%emt 0:00:13]} Bd4+ {[%emt 0:03:05]} 31. Kh1 {[%emt 0:00:29]} Bxg2+ {[%emt 0:00:30]} 32. Kxg2 {[%emt 0:00:24]} Qd2+ {[%emt 0:00:08]} 33. Kh1 {[%emt 0:00:21]} hxg5 {[%emt 0:01:08]} 34. Nxe7+ {[%emt 0:00:48]} Kg7 {[%emt 0:00:04]} 35. Rxf7+ {[%emt 0:00:57]} 1-0

[Event "106th British-ch 2019"]
[Site "Torquay"]
[Date "2019.07.28"]
[Round "2.10"]
[White "Eggleston, David J"]
[Black "Storey, Charles H"]
[Result "1-0"]
[WhiteElo "2399"]
[BlackElo "2261"]
[Annotator "TA"]
[PlyCount "91"]
[EventDate "2019.07.27"]
[EventType "swiss"]
[EventCountry "GBR"]
[SourceTitle "playchess.com"]
[Source "ChessBase"]
[SourceQuality "1"]

{[%evp 11,91,66,81,46,67,12,26,10,87,58,65,28,56,56,56,43,66,0,45,37,65,35,41,-34,-21,-3,10,12,55,0,57,32,151,136,189,198,197,202,463,452,764,735,841,831,758,229,264,118,108,83,66,76,92,90,77,89,92,0,0,0,0,0,242,247,290,293,275,268,278,264,316,312,365,357,343,343,814,799,766,766,5614,295]} 1. e4 e6 2. d4 d5 3. Nd2 dxe4 4. Nxe4 Nf6 5. Nxf6+ gxf6 6. Nf3 c5 7. Bd3 {C10: French with 3 Nc3: Unusual Black 3rd moves and 3...dxe4} (7. Be3 Nd7 8. c3 a6 9. Qa4 Qc7 10. O-O-O cxd4 11. Nxd4 b6 12. Bc4 Bc5 13. Rhe1 Bxd4 14. Rxd4 Bb7 {1-0 (32) Harutjunyan,G (2446)-Murali Krishnan,B (2329) Nagpur 2012}) 7... Bd7 8. dxc5 $146 (8. Be3 $14) ({Predecessor:} 8. O-O Nc6 9. Bc4 Qc7 10. d5 Na5 11. dxe6 fxe6 12. Qe2 Nxc4 13. Qxc4 O-O-O 14. Bf4 e5 {0-1 (38) Chin,D (1869)-Saurel,F (1770) Orleans 2005}) 8... Na6 $1 $11 9. a4 {White has an edge.} Bxc5 (9... Rg8 $11) 10. Qe2 Nb4 11. Bb5 Nc6 12. c3 a6 13. Bd3 Qc7 14. Be3 (14. O-O $14) 14... Bd6 15. O-O Ne7 16. c4 Bc6 17. h3 ({White should play} 17. a5 $14) 17... Ng6 18. c5 Be5 19. Nxe5 fxe5 20. Bg5 (20. Bxg6 $14 hxg6 21. Bg5) 20... f5 ({Black should try} 20... Nf4 $11 21. Bxf4 exf4) 21. Bc4 $14 Qf7 (21... Qg7 $14 22. Qh5 h6) 22. Rfd1 $16 {Threatens to win with Rd6.} Rg8 (22... Bd5 $16) 23. Rd6 $18 Nf8 24. f4 e4 $2 (24... h6) 25. Rad1 {Intending Rd8+ and mate.} Qg6 (25... Rxg5 $142 26. fxg5 Rc8) 26. h4 h6 27. h5 Qg7 28. Bh4 $2 (28. Bxe6 hxg5 29. h6) 28... Qg4 29. Qxg4 (29. Bxe6 $18 {and the rest is easy. White threatens Rd8+ and mate.} Nxe6 30. Rxe6+ Kf7 31. Rf6+ Ke8 32. Qxg4 Rxg4 33. g3) 29... Rxg4 $16 30. g3 $40 {[%mdl 128] White attacks with force.} Bxa4 31. b3 Bd7 32. b4 {[%mdl 1024] White has strong compensation.} Rg7 33. Kf2 Rc8 34. Rb6 (34. Bf6 $16 Rf7 35. Bd4) 34... Bc6 $1 $11 35. Rd6 Rd7 {aiming for ...e3+!} 36. Bxe6 {[%mdl 64] Double Attack} Rxd6 $2 (36... Nxe6 $11 37. Rxe6+ {[%mdl 64] Double Attack} Kf7 38. Rxh6 Rf8) 37. Bxc8 $18 Rd2+ 38. Ke1 Rd7 {[#]} 39. Bxb7 $1 {[%mdl 512]} Bxb7 40. c6 Bxc6 41. Rxc6 {KRB-KRN} Rd4 42. Rxh6 Rxb4 43. Rxa6 Rb5 $2 (43... Rb1+ 44. Kd2 Rb5) 44. Ra7 {White is clearly winning.} Rb1+ 45. Kd2 Rb3 46. Re7+ {Accuracy: White = 47%, Black = 40%.} 1-0

[Event "106th British-ch 2019"]
[Site "Torquay"]
[Date "2019.07.28"]
[Round "2.11"]
[White "Fernandez, Daniel Howard"]
[Black "Rocco, Federico"]
[Result "0-1"]
[WhiteElo "2466"]
[BlackElo "2157"]
[Annotator "ChessBase"]
[PlyCount "104"]
[EventDate "2019.07.27"]
[EventType "swiss"]
[EventCountry "GBR"]
[SourceTitle "playchess.com"]
[Source "ChessBase"]
[SourceQuality "1"]
[TimeControl "40/5400+30:1800+30"]

1. Nf3 {[%emt 0:00:00]} Nf6 {[%emt 0:06:38]} 2. c4 {[%emt 0:00:00]} e6 {[%emt 0:00:30]} 3. g3 {[%emt 0:00:04]} b6 {[%emt 0:00:20]} 4. Bg2 {[%emt 0:01:24]} Bb7 {[%emt 0:00:08]} 5. Nc3 {[%emt 0:00:06]} c5 {[%emt 0:00:10]} 6. O-O {[%emt 0:00:23]} Be7 {[%emt 0:00:25]} 7. b3 {[%emt 0:00:08]} d5 {[%emt 0:03:04]} 8. cxd5 {[%emt 0:00:20]} Nxd5 {[%emt 0:00:10]} 9. Nxd5 {[%emt 0:03:34]} Bxd5 {[%emt 0:00:10]} 10. Bb2 {[%emt 0:00:03]} O-O {[%emt 0:01:12]} 11. Qc2 {[%emt 0:00:25]} Nc6 {[%emt 0:04:57]} 12. Rad1 {[%emt 0:00:20]} Qc8 {[%emt 0:03:09]} 13. Qb1 {[%emt 0:00:13]} Nb4 {[%emt 0:02:41]} 14. d4 {[%emt 0:04:36]} cxd4 {[%emt 0:01:41]} 15. Rxd4 {[%emt 0:00:02]} Qc2 {[%emt 0:05:02]} 16. e4 {[%emt 0:00:56]} Qxb1 {[%emt 0:03:40]} 17. Rxb1 {[%emt 0:00:02]} Bc6 {[%emt 0:04:16]} 18. a3 {[%emt 0:00:08]} Na6 {[%emt 0:02:05]} 19. Ne5 {[%emt 0:00:13]} Rac8 {[%emt 0:05:02]} 20. Nxc6 {[%emt 0:00:17]} Rxc6 {[%emt 0:00:05]} 21. Rd7 {[%emt 0:00:25]} Rc7 {[%emt 0:00:26]} 22. Rbd1 {[%emt 0:01:09]} Rfc8 {[%emt 0:15:16]} 23. Be5 {[%emt 0:00:57]} Rxd7 {[%emt 0:01:26]} 24. Rxd7 {[%emt 0:00:02]} Bf6 {[%emt 0:00:13]} 25. Bd6 {[%emt 0:03:29]} Nc5 {[%emt 0:02:26]} 26. Rxa7 {[%emt 0:00:09]} Bd4 {[%emt 0:00:54]} 27. Kf1 {[%emt 0:04:34]} Nxb3 {[%emt 0:01:50]} 28. Bb4 {[%emt 0:03:14]} g6 {[%emt 0:01:26]} 29. Bf3 {[%emt 0:01:21]} Rc2 {[%emt 0:04:03]} 30. Be1 {[%emt 0:00:52]} Rc1 {[%emt 0:00:47]} 31. Rd7 {[%emt 0:02:33]} e5 {[%emt 0:01:12]} 32. Ke2 {[%emt 0:00:08]} Ra1 {[%emt 0:00:32]} 33. Bb4 {[%emt 0:00:49]} Nc5 {[%emt 0:04:20]} 34. Bxc5 {[%emt 0:05:35]} bxc5 {[%emt 0:00:34]} 35. Rc7 {[%emt 0:01:01]} Rxa3 {[%emt 0:00:47]} 36. Bg4 {[%emt 0:00:38]} Ra2+ {[%emt 0:00:08]} 37. Kd3 {[%emt 0:00:01]} Rxf2 {[%emt 0:00:08]} 38. h4 {[%emt 0:00:14]} Rg2 {[%emt 0:00:06]} 39. Bd7 {[%emt 0:00:13]} Rxg3+ {[%emt 0:00:12]} 40. Kc4 {[%emt 0:00:04]} h5 {[%emt 0:00:55]} 41. Kd5 {[%emt 0:30:08]} Rf3 {[%emt 0:30:15]} 42. Kd6 {[%emt 0:00:08]} Rf4 {[%emt 0:00:22]} 43. Bc6 {[%emt 0:00:13]} Rxh4 {[%emt 0:00:19]} 44. Bd5 {[%emt 0:00:04]} Rf4 {[%emt 0:00:44]} 45. Ke7 {[%emt 0:00:04]} h4 {[%emt 0:00:54]} 46. Ke8 {[%emt 0:00:16]} h3 {[%emt 0:00:21]} 47. Bxf7+ {[%emt 0:00:04]} Rxf7 {[%emt 0:00:08]} 48. Rxf7 {[%emt 0:00:04]} h2 {[%emt 0:00:05]} 49. Rf8+ {[%emt 0:00:25]} Kg7 {[%emt 0:00:05]} 50. Rf7+ {[%emt 0:00:03]} Kh6 {[%emt 0:00:05]} 51. Rf8 {[%emt 0:00:03]} Kg5 {[%emt 0:00:10]} 52. Rh8 {[%emt 0:00:05]} Bg1 {[%emt 0:00:05]} 0-1

[Event "106th British-ch 2019"]
[Site "Torquay"]
[Date "2019.07.28"]
[Round "2.12"]
[White "Yoon, Jacob D"]
[Black "Pert, Richard G"]
[Result "0-1"]
[WhiteElo "1963"]
[BlackElo "2430"]
[Annotator "TA"]
[PlyCount "124"]
[EventDate "2019.07.27"]
[EventType "swiss"]
[EventCountry "GBR"]
[SourceTitle "playchess.com"]
[Source "ChessBase"]
[SourceQuality "1"]

{[%evp 21,124,16,22,22,25,0,22,-4,0,-31,-10,-27,-20,-23,-21,-85,0,-4,0,-101,-112,-111,-112,-114,-120,-102,-97,-124,-120,-110,-100,-98,-95,-95,-95,-134,-137,-137,-111,-115,-111,-116,-103,-110,-115,-124,-110,-110,-110,-110,-107,-124,-34,-34,-34,-83,-86,-90,-34,-34,-34,-35,-34,-49,-49,-49,-35,-35,-35,-29955,-12433,-5700,-337,-29964,-29964,-29968,-29969,-29976,-29963,-29962,-29964,-29965,-29966,-29966,-29966,-29967,-29968,-29966,-29969,-29972,-29973,-29974,-29975,-29975,-29976,-29975,-29977,-29978,-29977,-29978,-29980,-29980,-29977,-29989,-29990]} 1. e4 c6 2. d4 d5 3. Nc3 dxe4 4. Nxe4 Nf6 5. Nxf6+ exf6 6. c3 Bd6 7. Bd3 O-O 8. Ne2 Re8 9. O-O Nd7 10. Bf4 Nf8 11. Bxd6 Qxd6 12. Ng3 {B15: Caro-Kann: 3 Nc3: 3...g6 and 3...dxe4 4 Nxe4 Nf6 5 Nxf6+ exf6} Ng6 13. Qh5 $146 ({Predecessor:} 13. Nf5 Bxf5 14. Bxf5 Nf4 15. Bg4 g6 16. g3 f5 17. Bf3 Nh3+ 18. Kg2 Ng5 19. Qb3 Qd7 {½-½ (39) Stankovic,M (2438)-Sedlak,N (2608) Niksic 2018}) 13... Qf4 14. Bf5 {The position is equal.} Be6 15. Rfe1 Bd5 16. Bxg6 hxg6 17. Qd1 f5 18. Qd3 (18. Qc2 $11) 18... Qh4 (18... Rxe1+ $1 $17 19. Rxe1 Bxa2) 19. c4 $11 Be6 $40 {[%mdl 128] White needs to defend precisely.} 20. d5 (20. Rad1 $11 {remains equal.}) 20... cxd5 $17 21. cxd5 Red8 $1 22. d6 Qb4 23. Red1 Rac8 24. a3 Qxb2 25. Rab1 Qc3 26. Qxc3 Rxc3 27. Rxb7 Rxa3 28. h3 Ra6 29. f3 Raxd6 30. Rxd6 Rxd6 31. Rxa7 {[%mdl 4096] Endgame KRB-KRN} Rd1+ 32. Kh2 g5 33. Rb7 g6 34. Rb2 Kg7 35. Rc2 Kh6 36. Nh1 g4 ({Black should play} 36... Ra1 $17 37. Nf2 Ra3) 37. hxg4 $15 fxg4 38. fxg4 Bxg4 39. Nf2 Rd4 ({Better is} 39... Bf5 $1 $17 {[%cal Rf5c2]} 40. Rc7 Rd7) 40. Nxg4+ Rxg4 {KR-KR} 41. Rb2 f5 42. Kg1 Kg5 43. Kf2 Ra4 44. g3 Kg4 45. Rc2 $2 {[%mdl 8192] [#]} (45. Kg2 $15) 45... Kh3 $1 46. Rc6 Ra2+ $2 (46... g5 {Strongly threatening ...Ra2+.} 47. Rc5 Ra2+ 48. Kf1 Kxg3 49. Rxf5 g4) 47. Kf1 $2 (47. Kf3 $19 Ra3+ 48. Kf4 Rxg3 49. Rc1) 47... g5 {Black mates.} 48. Rc3 g4 49. Rb3 Rg2 50. Rb5 Kxg3 51. Rxf5 Ra2 52. Rg5 Ra1+ 53. Ke2 Rg1 54. Rg8 Kh2 55. Kf2 g3+ 56. Kf3 Rf1+ 57. Ke2 g2 58. Rh8+ {[#]} Kg1 $1 59. Rh7 Rf5 60. Ra7 Rh5 61. Kf3 Rh3+ 62. Ke2 Kh2 {Accuracy: White = 42%, Black = 72%.} 0-1

[Event "106th British-ch 2019"]
[Site "Torquay"]
[Date "2019.07.28"]
[Round "2.13"]
[White "Houska, Jovanka"]
[Black "Villiers, Thomas"]
[Result "1-0"]
[WhiteElo "2422"]
[BlackElo "2218"]
[Annotator "NA"]
[PlyCount "81"]
[EventDate "2019.07.27"]
[EventType "swiss"]
[EventCountry "GBR"]
[SourceTitle "playchess.com"]
[Source "ChessBase"]
[SourceQuality "1"]
[TimeControl "40/5400+30:1800+30"]

1. d4 {[%emt 0:00:34]} d5 {[%emt 0:00:00]} 2. Bf4 {[%emt 0:02:03]} Bf5 {[%emt 0:00:56]} 3. e3 {[%emt 0:00:24]} e6 {[%emt 0:00:18]} 4. Nf3 {[%emt 0:00:51]} Bd6 {[%emt 0:00:40]} 5. Bg3 {[%emt 0:05:19]} Nf6 {[%emt 0:00:34]} 6. Be2 {[%emt 0:01:10]} Ne4 {[%emt 0:01:06]} 7. c4 {[%emt 0:01:53]} c6 {[%emt 0:04:12]} 8. Nc3 {[%emt 0:03:12]} O-O {[%emt 0:05:30]} 9. Qb3 {[%emt 0:08:11]} Nxg3 {[%emt 0:01:36]} 10. hxg3 {[%emt 0:00:05]} Qb6 {[%emt 0:00:25]} 11. c5 {[%emt 0:02:35]} Qxb3 {[%emt 0:00:11]} 12. axb3 {[%emt 0:00:04]} Bc7 {[%emt 0:02:23]} 13. b4 {[%emt 0:00:04]} Nd7 {[%emt 0:00:08]} 14. b5 {[%emt 0:00:51]} Bg4 {[%emt 0:01:32]} 15. Kd2 {[%emt 0:07:33]} e5 {[%emt 0:02:50]} 16. b4 {[%emt 0:05:18]} e4 {[%emt 0:14:56]} 17. Ne1 {[%emt 0:08:50]} Bxe2 {[%emt 0:00:21]} 18. Kxe2 {[%emt 0:00:08]} Rfb8 {[%emt 0:04:16]} 19. Nc2 {[%emt 0:01:11]} a6 {[%emt 0:00:58]} 20. bxc6 {[%emt 0:04:15]} bxc6 {[%emt 0:00:27]} 21. Ra2 {[%emt 0:01:09]} Rb7 {[%emt 0:03:49]} 22. b5 {[%emt 0:03:06]} Nb8 {[%emt 0:00:07]} 23. bxc6 {[%emt 0:02:47]} Nxc6 {[%emt 0:00:08]} 24. Nxd5 {[%emt 0:00:05]} Bd8 {[%emt 0:00:35]} 25. Rha1 {[%emt 0:01:53]} a5 {[%emt 0:00:14]} 26. g4 {[%emt 0:04:52]} g6 {[%emt 0:00:22]} 27. Nc3 {[%emt 0:05:14]} f5 {[%emt 0:00:06]} 28. gxf5 {[%emt 0:00:35]} gxf5 {[%emt 0:00:08]} 29. g4 {[%emt 0:00:06]} fxg4 {[%emt 0:00:06]} 30. Nxe4 {[%emt 0:00:45]} h5 {[%emt 0:00:44]} 31. d5 {[%emt 0:02:50]} Nb4 {[%emt 0:01:49]} 32. c6 {[%emt 0:07:30]} Rb6 {[%emt 0:02:19]} 33. Rxa5 {[%emt 0:06:58]} Rxa5 {[%emt 0:00:09]} 34. Rxa5 {[%emt 0:00:03]} Nxc6 {[%emt 0:00:24]} 35. dxc6 {[%emt 0:00:48]} Rxc6 {[%emt 0:00:07]} 36. Nd4 {[%emt 0:00:39]} Re6 {[%emt 0:00:36]} 37. Nxe6 {[%emt 0:01:44]} Bxa5 {[%emt 0:00:15]} 38. Nf4 {[%emt 0:00:02]} h4 {[%emt 0:00:16]} 39. Nf6+ {[%emt 0:00:06]} Kf7 {[%emt 0:00:05]} 40. Nxg4 {[%emt 0:00:04]} Bc7 {[%emt 0:00:10]} 41. Kf3 {[%emt 0:30:11]} 1-0

[Event "106th British-ch 2019"]
[Site "Torquay"]
[Date "2019.07.28"]
[Round "2.14"]
[White "Willow, Jonah B"]
[Black "Ogunshola, Olugbemiga (Ben)"]
[Result "1-0"]
[WhiteElo "2343"]
[BlackElo "2172"]
[Annotator "NA"]
[PlyCount "65"]
[EventDate "2019.07.27"]
[EventType "swiss"]
[EventCountry "GBR"]
[SourceTitle "playchess.com"]
[Source "ChessBase"]
[SourceQuality "1"]
[TimeControl "40/5400+30:1800+30"]

1. e4 {[%emt 0:00:00]} d6 {[%emt 0:02:06]} 2. d4 {[%emt 0:00:00]} g6 {[%emt 0:00:15]} 3. Nc3 {[%emt 0:00:01]} Bg7 {[%emt 0:00:04]} 4. f4 {[%emt 0:00:08]} a6 {[%emt 0:07:11]} 5. Nf3 {[%emt 0:00:27]} b5 {[%emt 0:01:02]} 6. Bd3 {[%emt 0:01:41]} Bb7 {[%emt 0:00:13]} 7. O-O {[%emt 0:02:20]} Nd7 {[%emt 0:01:06]} 8. a4 {[%emt 0:03:18]} b4 {[%emt 0:03:37]} 9. Ne2 {[%emt 0:00:12]} c5 {[%emt 0:00:40]} 10. c3 {[%emt 0:00:17]} bxc3 {[%emt 0:05:50]} 11. bxc3 {[%emt 0:00:16]} e6 {[%emt 0:01:18]} 12. f5 {[%emt 0:11:13]} gxf5 {[%emt 0:15:05]} 13. exf5 {[%emt 0:00:49]} e5 {[%emt 0:00:02]} 14. Ng5 {[%emt 0:32:30]} Ngf6 {[%emt 0:01:07]} 15. Qe1 {[%emt 0:09:05]} h6 {[%emt 0:05:17]} 16. Nh3 {[%emt 0:01:03]} Qe7 {[%emt 0:03:16]} 17. Rb1 {[%emt 0:03:26]} Bc6 {[%emt 0:02:58]} 18. Ng3 {[%emt 0:02:44]} O-O {[%emt 0:09:46]} 19. Nf4 {[%emt 0:02:53]} Rfe8 {[%emt 0:00:58]} 20. Nfh5 {[%emt 0:03:08]} Bf8 {[%emt 0:04:00]} 21. dxc5 {[%emt 0:02:26]} d5 {[%emt 0:03:17]} 22. Be3 {[%emt 0:01:49]} Qd8 {[%emt 0:07:38]} 23. Nxf6+ {[%emt 0:01:26]} Nxf6 {[%emt 0:00:59]} 24. Rb6 {[%emt 0:00:06]} Qc7 {[%emt 0:03:39]} 25. Ne2 {[%emt 0:03:47]} e4 {[%emt 0:01:30]} 26. Bb1 {[%emt 0:05:13]} Ng4 {[%emt 0:01:29]} 27. Rf4 {[%emt 0:02:29]} Nxe3 {[%emt 0:04:34]} 28. Qg3+ {[%emt 0:00:03]} Kh7 {[%emt 0:02:42]} 29. Qxe3 {[%emt 0:00:05]} Bd7 {[%emt 0:08:54]} 30. Rh4 {[%emt 0:01:37]} Bxf5 {[%emt 0:02:24]} 31. Rbxh6+ {[%emt 0:00:34]} Kg7 {[%emt 0:00:10]} 32. Qg5+ {[%emt 0:00:07]} Bg6 {[%emt 0:00:01]} 33. Rh7+ {[%emt 0:00:05]} 1-0

[Event "106th British-ch 2019"]
[Site "Torquay"]
[Date "2019.07.28"]
[Round "2.15"]
[White "Bradbury, Neil H"]
[Black "Brewer, Callum D"]
[Result "1/2-1/2"]
[WhiteElo "2322"]
[BlackElo "2086"]
[Annotator "TA"]
[PlyCount "75"]
[EventDate "2019.07.27"]
[EventType "swiss"]
[EventCountry "GBR"]
[SourceTitle "playchess.com"]
[Source "ChessBase"]
[SourceQuality "1"]

{[%evp 18,75,34,25,50,4,17,21,21,29,22,0,-6,-9,-1,0,0,7,27,21,23,4,3,3,4,0,9,11,11,9,9,14,15,19,23,18,20,0,0,0,0,0,0,-33,-13,-20,-6,-10,-10,-10,0,0,0,0,21,0,3,0,0,0]} 1. d4 Nf6 2. c4 e6 3. Nf3 d5 4. g3 Be7 5. Bg2 O-O 6. O-O dxc4 7. Nc3 c5 8. dxc5 Nc6 9. Qa4 Qa5 10. Qxc4 Qxc5 {E05: Open Catalan: 5 Nf3 Be7} 11. Qb3 (11. Qxc5) 11... e5 12. Be3 Qb4 13. Qxb4 Bxb4 14. a3 Bxc3 15. bxc3 Nd5 $146 ({Predecessor:} 15... Be6 16. Rab1 Rab8 17. Rfd1 Nd5 18. Bd2 {½-½ (42) Tavares da Silva,L-Castro Souza,L Sao Paulo 1952}) 16. Bc5 Re8 17. Rfc1 Bf5 18. Nd2 e4 19. Nc4 {Strongly threatening Nd6.} b6 20. Bd4 {Black should prevent Nd6.} Rad8 21. a4 Bc8 22. e3 Ba6 23. Bf1 Bxc4 24. Bxc4 Na5 25. Bb5 {aiming for c4.} Nb3 26. Bxe8 Rxe8 27. c4 Nxc1 28. Rxc1 $11 {[%mdl 4096] Endgame KRB-KRN} Nb4 29. a5 bxa5 30. Bxa7 Rc8 31. Bd4 {The position is equal.} Nd3 32. Rc3 f5 33. f3 a4 34. fxe4 fxe4 35. c5 Rc7 36. Rc4 a3 37. Ra4 Nxc5 38. Rxa3 {Accuracy: White = 64%, Black = 59%.} 1/2-1/2

[Event "106th British-ch 2019"]
[Site "Torquay"]
[Date "2019.07.28"]
[Round "2.16"]
[White "Crickmore, Neil Eg"]
[Black "Pein, Malcolm"]
[Result "0-1"]
[WhiteElo "2187"]
[BlackElo "2312"]
[Annotator "TA"]
[PlyCount "120"]
[EventDate "2019.07.27"]
[EventType "swiss"]
[EventCountry "GBR"]
[SourceTitle "playchess.com"]
[Source "ChessBase"]
[SourceQuality "1"]

{[%evp 13,120,16,33,20,16,20,35,9,56,56,59,35,38,29,21,28,80,30,46,0,0,0,0,0,0,0,0,0,41,42,45,19,18,18,24,22,67,71,79,76,72,-28,0,-41,-45,-93,-87,-125,-89,-80,-76,-80,-33,-89,-86,-122,-122,-234,-237,-237,-231,-231,-223,-244,-234,-242,-231,-342,-342,-420,-420,-388,-360,-412,-334,-334,-334,-334,-334,-334,-334,-473,-334,-334,-334,-334,-334,-334,-334,-334,-334,-334,-334,-360,-360,-360,-360,-360,-360,-360,-360,-360,-360,-29979,-334,-29980,-29981,-29981,-29982]} 1. d4 Nf6 2. c4 g6 3. Nc3 d5 4. cxd5 Nxd5 5. Bd2 Bg7 6. e4 Nb6 7. Be3 O-O 8. Bb5 {D85: Exchange Grünfeld: Unusual White 7th moves and lines with 7 Nf3} c6 9. Be2 Na6 $146 {[%cal Bb8a6,Ba6c7,Bc7d5,Bd5b4][%mdl 32]} ({Predecessor:} 9... e5 10. Nf3 exd4 11. Nxd4 Qe7 12. Qc2 N8d7 13. O-O Re8 14. Rad1 Nf6 15. f3 Nfd5 {1-0 (73) Kuzubov,Y (2640)-Neverov,V (2516) Lvov 2015}) 10. h3 {White is slightly better.} Nc7 11. Nf3 f5 12. exf5 Bxf5 13. Qd2 Ncd5 14. Bh6 Qd6 (14... Nxc3 $11 15. bxc3 Be4) 15. Bxg7 Kxg7 16. Ne5 Rad8 17. Rd1 Nb4 18. O-O Bc2 19. a3 Bxd1 20. Rxd1 N4d5 21. Ne4 $36 {[%cal Bc3e4,Be4c5,Bc5e6][%mdl 2080] White has some pressure.} Qc7 22. Nc5 {Black must now prevent Ne6+.} Nf4 {[#]} 23. Qxf4 $1 {[%mdl 576] Remove Defender, Decoy} Rxf4 24. Ne6+ {[%mdl 64] Double Attack} Kg8 {Strongly threatening ...Qb8.} 25. Nxc7 {Ne6 is the strong threat.} Rfxd4 26. Rxd4 Rxd4 {[#]} 27. Bf3 (27. Kf1 $1 $16) 27... Rd2 $11 28. b4 Ra2 {[%mdl 1024] Black has compensation.} 29. b5 cxb5 30. Nxb5 a6 31. Nd4 Rxa3 32. Bxb7 Ra1+ 33. Kh2 a5 34. f4 a4 35. Nc4 (35. Be4 $17 {might work better.}) 35... Nxc4 $19 {[%mdl 4096] Endgame KRN-KBN} 36. Bd5+ Kf8 37. Bxc4 a3 38. Ne6+ Ke8 39. Ng5 Rb1 40. Nxh7 {[#]} (40. Kg3 $142) 40... Rb4 $1 {[%cal Rb4c4]} 41. Be6 Rxf4 42. Ng5 Rf2 43. Kg3 a2 44. Kxf2 a1=Q {Hoping for ...Qf6+.} 45. h4 Qd4+ 46. Kg3 Qe3+ 47. Kg4 (47. Kh2 $142) 47... Qe2+ 48. Kh3 Kf8 49. Bg4 Qe1 50. Bf3 Qh1+ 51. Kg4 Kg7 52. Be4 Kf6 53. Nh7+ Ke5 54. Ng5 Qd1+ 55. Kg3 Qe1+ 56. Kg4 {And now Nf3+ would win.} Qe2+ 57. Kg3 Qe3+ 58. Kg4 $2 (58. Bf3 $19) 58... Qf4+ 59. Kh3 {[#]} Qxg5 $1 {[%mdl 576] Remove Defender} 60. hxg5 Kxe4 {Accuracy: White = 49%, Black = 80%.} 0-1